[Event "Let's Play Chess!"]
[Site "http://www.queenalice.com/game.php?id=1474329"]
[Date "2017.4.21"]
[Round "-"]
[White "exocytosis"]
[Black "chessplayer123"]
[Result "1/2-1/2"]
[WhiteElo "2031"]
[BlackElo "1767"]

1. d4 d5 2. c4 Bf5 3. Nc3 e6 4. a3 Nf6 5. Bg5 Be7 6. Nf3 dxc4 7. e3 Bd3 8. Bxd3
cxd3 9. Qxd3 Nc6 10. Qb5 O-O 11. O-O Rb8 12. Rac1 a6 13. Qd3 Nd5 14. Bxe7 Ncxe7
15. Nxd5 Nxd5 16. Ng5 Qxg5 17. Rc5 c6 18. Kh1 f5 19. f4 Qg6 20. Qb3 Kh8 21. h3
Qg3 22. Rf3 Qh4 23. Kh2 Qe7 24. Qc2 Nf6 25. Qb3 Ne4 26. Rc2 Qc7 27. Qxe6 Qa5 28.
Qc4 Nd2 29. Rxd2 Qxd2 30. b3 Qa5 31. a4 Qd8 1/2-1/2

[Event "Let's Play Chess!"]
[Site "http://www.queenalice.com/game.php?id=1474502"]
[Date "2017.4.22"]
[Round "-"]
[White "exocytosis"]
[Black "Daniel1962"]
[Result "1-0"]
[WhiteElo "1987"]
[BlackElo "1829"]

1. d4 d5 2. c4 Bf5 3. Nc3 dxc4 4. e4 Bg6 5. Nf3 Nc6 6. Bxc4 e6 7. O-O Bd6 8. d5
Ne5 9. dxe6 Nxc4 10. Qa4+ c6 11. Qxc4 Nf6 12. e5 Bxe5 13. Nxe5 Qc7 14. exf7+
Bxf7 15. Nxf7 Qxf7 16. Re1+ Kf8 17. Qb4+ Kg8 18. Re7 Qf8 19. Bg5 Re8 20. Nd5
cxd5 21. Bxf6 Rxe7 22. Bxe7 Qc8 23. h3 Kf7 24. Re1 Qd7 25. Qf4+ Kg6 26. Re3 h6
27. Bh4 d4 28. Rd3 Qb5 29. Qe4+ Kf7 30. Qe7+ Kg8 31. Rg3 Rh7 32. Qe6+ 1-0

[Event "Let's Play Chess!"]
[Site "http://www.queenalice.com/game.php?id=1474822"]
[Date "2017.4.23"]
[Round "-"]
[White "mvson33"]
[Black "exocytosis"]
[Result "0-1"]
[WhiteElo "1835"]
[BlackElo "2002"]

1. Nf3 c5 2. d4 cxd4 3. Nxd4 Nf6 4. Nc3 e5 5. Ndb5 d5 6. Nxd5 Nxd5 7. Qxd5 Nc6
8. Qxd8+ Kxd8 9. e4 Nb4 10. Bd3 Nxd3+ 11. cxd3 Bb4+ 12. Bd2 Bxd2+ 13. Kxd2 Rf8
14. Rac1 a6 15. Nc3 Be6 16. Rc2 Kd7 17. Rf1 Rac8 18. Rfc1 b5 19. a3 Bb3 20. Nd5
Rxc2+ 21. Rxc2 Bxc2 22. Kxc2 a5 23. Nc3 Rc8 24. Kb3 Rc5 25. f3 Kd6 26. Ka2 h5
27. Kb1 g5 28. Ne2 h4 29. d4 exd4 30. Nxd4 Re5 31. Ka2 a4 32. b3 Kc5 33. Nc2 f5
34. bxa4 bxa4 35. Nb4 fxe4 36. Kb2 Kc4 37. fxe4 Rxe4 0-1

[Event "Let's Play Chess!"]
[Site "http://www.queenalice.com/game.php?id=1475236"]
[Date "2017.4.25"]
[Round "-"]
[White "chessplayer123"]
[Black "exocytosis"]
[Result "0-1"]
[WhiteElo "1739"]
[BlackElo "1995"]

1. e4 c6 2. Nf3 d5 3. exd5 cxd5 4. d4 Bf5 5. Nc3 Nf6 6. Bd3 Bxd3 7. Qxd3 e6 8.
Bg5 Nbd7 9. O-O Be7 10. Rfe1 O-O 11. Ne5 Nxe5 12. dxe5 Nd7 13. Bf4 a6 14. Ne2
Qb6 15. b3 Bc5 16. Rf1 Rac8 17. Nc3 Qa7 18. Na4 Be7 19. Be3 Nc5 20. Nxc5 Bxc5
21. Bxc5 Qxc5 22. Rac1 b5 23. h3 Rfd8 24. c3 Qa3 25. Rc2 Rc6 26. Rfc1 Rdc8 27.
f4 Qa5 28. b4 Qb6+ 29. Kh1 Rc4 30. g3 Re4 31. Qf3 Rcc4 32. Qg4 Rxe5 33. Qh4 f6
34. g4 Rxf4 0-1

[Event "Let's Play Chess!"]
[Site "http://www.queenalice.com/game.php?id=1475962"]
[Date "2017.5.1"]
[Round "-"]
[White "charles31"]
[Black "exocytosis"]
[Result "0-1"]
[WhiteElo "1755"]
[BlackElo "2008"]

1. e4 c5 2. Nf3 d6 3. h3 g6 4. d4 cxd4 5. Qxd4 Nf6 6. Bb5+ Bd7 7. Bc4 Bg7 8. Nc3
O-O 9. Bd2 a6 10. a3 Bc6 11. Qe3 Nbd7 12. O-O-O Rc8 13. Bb3 Nc5 14. Ba2 Nfxe4
15. Nxe4 Bxe4 16. Rhg1 Qb6 17. Nd4 Nd3+ 0-1

[Event "Let's Play Chess!"]
[Site "http://www.queenalice.com/game.php?id=1476820"]
[Date "2017.5.6"]
[Round "-"]
[White "chessplayer123"]
[Black "exocytosis"]
[Result "1-0"]
[WhiteElo "1872"]
[BlackElo "1968"]

1. e4 c6 2. Nf3 d5 3. exd5 cxd5 4. d4 Bf5 5. Nc3 Nf6 6. Bd3 Bxd3 7. Qxd3 a6 8.
Bg5 e6 9. O-O Be7 10. Rfe1 Nbd7 11. Nd1 Rc8 12. Ne3 Nh5 13. Bxe7 Nf4 14. Bxd8
Nxd3 15. cxd3 Rxd8 16. Rac1 O-O 17. Rc7 b6 18. Ne5 Nb8 19. h3 b5 20. b4 f6 21.
Nf3 Rd6 22. Rec1 Nd7 23. R7c6 Rxc6 24. Rxc6 e5 25. Rxa6 e4 26. dxe4 dxe4 27. Nd2
f5 28. Nb3 f4 29. Nd5 1-0

[Event "Let's Play Chess!"]
[Site "http://www.queenalice.com/game.php?id=1476822"]
[Date "2017.5.6"]
[Round "-"]
[White "igorjava"]
[Black "exocytosis"]
[Result "1-0"]
[WhiteElo "2007"]
[BlackElo "1912"]

1. e4 c6 2. d4 d5 3. e5 Bf5 4. c4 e6 5. Nc3 Bb4 6. a3 Ba5 7. b4 Bc7 8. c5 Ne7 9.
h3 O-O 10. Bd3 Bxd3 11. Qxd3 Nd7 12. Nge2 b6 13. Bg5 bxc5 14. bxc5 Rb8 15. O-O
f6 16. exf6 Nxf6 17. Rab1 a5 18. Rxb8 Qxb8 19. Rb1 Qc8 20. Na4 h6 21. Bh4 g5 22.
Bg3 Ne4 23. Rf1 1-0

[Event "AUTO-MASTER-2590"]
[Site "http://www.queenalice.com/game.php?id=1477032"]
[Date "2017.5.6"]
[Round "1"]
[White "exocytosis"]
[Black "bobjgirl"]
[Result "0-1"]
[WhiteElo "1995"]
[BlackElo "2339"]

1. Nf3 Nf6 2. g3 c5 3. Bg2 d5 4. O-O Nc6 5. d4 e6 6. Bg5 Be7 7. Nc3 O-O 8. Re1
cxd4 9. Nxd4 e5 10. Nb3 d4 0-1

[Event "AUTO-MASTER-2590"]
[Site "http://www.queenalice.com/game.php?id=1477034"]
[Date "2017.5.6"]
[Round "1"]
[White "exocytosis"]
[Black "LOMBARDY"]
[Result "0-1"]
[WhiteElo "1900"]
[BlackElo "2054"]

1. e4 c5 2. Nf3 d6 3. Bc4 Nf6 4. Nc3 a6 5. d4 b5 6. Bd5 Nxd5 7. exd5 g6 8. dxc5
dxc5 9. O-O Bg7 10. Re1 O-O 11. Bg5 Re8 12. d6 Ra7 13. dxe7 Qxd1 14. Raxd1 Rd7
15. Nd5 Bb7 16. Nf6+ Bxf6 17. Bxf6 Bxf3 18. gxf3 h5 19. Rd3 Rxd3 20. cxd3 Nd7
0-1

[Event "AUTO-MASTER-2590"]
[Site "http://www.queenalice.com/game.php?id=1477035"]
[Date "2017.5.6"]
[Round "1"]
[White "LOMBARDY"]
[Black "exocytosis"]
[Result "1-0"]
[WhiteElo "2130"]
[BlackElo "1890"]

1. e4 c6 2. d4 d5 3. Nc3 dxe4 4. Nxe4 Bf5 5. Ng3 Bg6 6. h4 h6 7. Nf3 Nf6 8. Bd3
Bxd3 9. Qxd3 Nbd7 10. Bd2 e6 11. c4 Be7 12. O-O-O Qc7 13. Kb1 Qb6 14. Rc1 c5 15.
d5 exd5 16. cxd5 Bd6 17. Rhe1+ Kf8 18. Nf5 Re8 19. Nxd6 Qxd6 20. Rxe8+ Nxe8 21.
Be3 Nef6 22. Rd1 1-0

[Event "Let's Play Chess!"]
[Site "http://www.queenalice.com/game.php?id=1477596"]
[Date "2017.5.10"]
[Round "-"]
[White "knight576"]
[Black "exocytosis"]
[Result "1-0"]
[WhiteElo "2096"]
[BlackElo "1948"]

1. d4 d5 2. Bf4 Nf6 3. e3 Bf5 4. Bd3 Bxd3 5. Qxd3 Nbd7 6. Nc3 c6 7. h3 e6 8. Nf3
Be7 9. O-O Nh5 10. Bh2 O-O 11. e4 dxe4 12. Nxe4 Rc8 13. g4 Nhf6 14. Nxf6+ Bxf6
15. b4 Re8 16. Rad1 a5 17. a3 axb4 18. axb4 Qb6 19. Rfe1 Qxb4 20. Rb1 Qa4 21.
Rxb7 Nb8 22. g5 Be7 23. g6 hxg6 24. Rxe6 fxe6 25. Qxg6 Qc4 26. Ng5 1-0

[Event "Let's Play Chess!"]
[Site "http://www.queenalice.com/game.php?id=1478529"]
[Date "2017.5.18"]
[Round "-"]
[White "tucuman"]
[Black "exocytosis"]
[Result "1-0"]
[WhiteElo "1752"]
[BlackElo "1938"]

1. e4 e6 2. d4 d5 3. e5 Bb4+ 4. c3 Ba5 5. Bd3 Nc6 6. b4 Bb6 7. Nf3 a5 8. b5 Na7
9. O-O Ne7 10. Bg5 c6 11. a4 cxb5 12. axb5 Bd7 13. h3 Nxb5 14. Bxb5 Bxb5 15. Re1
O-O 16. Nbd2 Re8 17. Nh2 Qc7 18. Bxe7 Rxe7 19. Rc1 a4 20. Ra1 Qxc3 21. Ndf3 1-0